000 00770nam a2200241 a 4500
001 BRCA_6300
005 20190320205414.0
008 040811s1926----nyuac#####---#000-0#eng-#
041 _aeng
044 _anyu
050 4 _aDC203
_b.L8413 1926
100 1 _aLudwig, Emil
_d1881-1948.
_915431
245 1 0 _aNapoleon
_cEmil Ludwig; translated by Eden and Cedar Paul.
260 _aGarden City, Nuev York
_bGarden City
_cc1926
300 _a707 p.
_bil., retratos
_c23 cm.
500 _aIncluye lista de ilustraciones, tabla cronológica e índice alfabético
500 _aK161
600 1 4 _aNapoleon
_bI
_cEnperador de Francia
_d1769-1821
_915802
700 1 _aPaul, Eden
_f1865-1944
_etr.
_915803
700 1 _aPaul, Cedar
_etr.
_915804
902 _aGFM
942 _2lcc
_cB
999 _c5986
_d5986